Govt. of
Madhya Pradesh

वस्‍तुनिष्‍ठ प्रशन बैकं भौतिकी विज्ञान (Record no. 30719)

MARC details
000 -LEADER
fixed length control field 005910000a22001810004500
003 - CONTROL NUMBER IDENTIFIER
control field MACL
005 - DATE AND TIME OF LATEST TRANSACTION
control field 20160127125427.0
008 - FIXED-LENGTH DATA ELEMENTS--GENERAL INFORMATION
fixed length control field 160127b xxu||||| |||| 00| 0 eng d
040 ## - CATALOGING SOURCE
Original cataloging agency MACL
Transcribing agency MACL
041 ## - LANGUAGE CODE
Language code of text/sound track or separate title Hindi
082 ## - DEWEY DECIMAL CLASSIFICATION NUMBER
Classification number 530/SHA
100 ## - MAIN ENTRY--PERSONAL NAME
Personal name शोभना शर्मा
9 (RLIN) 34670
245 ## - TITLE STATEMENT
Title वस्‍तुनिष्‍ठ प्रशन बैकं भौतिकी विज्ञान
260 ## - PUBLICATION, DISTRIBUTION, ETC. (IMPRINT)
Name of publisher, distributor, etc. कृष्‍णा प्रकाशन मीडिया
Place of publication, distribution, etc. मेरठ
Date of publication, distribution, etc. 2002
350 ## - PRICE (NR) (BK AM CF MU VM SE) [OBSOLETE]
Price 360
650 ## - SUBJECT ADDED ENTRY--TOPICAL TERM
Topical term or geographic name as entry element Physics
9 (RLIN) 34671
942 ## - ADDED ENTRY ELEMENTS (KOHA)
Koha item type Hindi Books
Call number prefix 530 /SHA
Source of classification or shelving scheme
Holdings
Withdrawn status Lost status Source of classification or shelving scheme Damaged status Not for loan Home library Current library Date acquired Cost, normal purchase price Total Checkouts Total Renewals Full call number Barcode Date last seen Date last checked out Uniform Resource Identifier Price effective from Koha item type
          MACL MACL 15/04/2015 360.00 1 1 530 /SHA CLC001535 11/05/2016 07/04/2016 30769 15/04/2015 Books